| 000 | 00389nam a2200157Ia 4500 | ||
|---|---|---|---|
| 005 | 20250514024623.0 | ||
| 008 | 240331s9999 xx 000 0 und d | ||
| 020 | _a9552034469 | ||
| 082 |
_a215 _bEDM |
||
| 100 | _aEdmand, K.B.A. | ||
| 245 | 0 | _aAbhirahas vishwaya | |
| 260 |
_aColombo _bS. Godake & Brothers _c1999 |
||
| 300 | _axi, 204 p ., | ||
| 500 | _aA Book on Happy Wishes | ||
| 942 | _cL | ||
| 999 |
_c821 _d821 |
||